[Event "IMSA Blitz Women 2019"]
[Site "Hengshui"]
[Date "2019.05.18"]
[Round "10.1"]
[White "Harika, Dronavalli"]
[Black "Muzychuk, Mariya"]
[Result "0-1"]
[WhiteElo "2492"]
[BlackElo "2563"]
[Annotator "TA"]
[PlyCount "76"]
[EventDate "2019.05.17"]
[EventType "blitz"]
[EventCountry "CHN"]
[SourceTitle "playchess.com"]
[Source "ChessBase"]
[SourceQuality "1"]

{[%evp 10,76,20,9,22,0,0,0,0,0,11,0,0,0,0,0,-2,-25,0,0,16,10,47,0,19,10,19,13,10,0,26,11,39,37,68,70,133,19,32,29,37,28,23,3,48,-38,-5,0,35,15,128,119,120,-143,-179,-170,-90,-197,117,-121,257,-909,-572,-1536,-1545,-6751,-6241,-2995,-2886]} 1. Nf3 c5 2. b3 Nc6 3. Bb2 d5 4. e3 Nf6 5. Bb5 Bd7 6. O-O g6 {A06: Réti Opening:1 Nf3 d5} 7. a4 $146 ({Predecessor:} 7. Nc3 a6 8. Bxc6 Bxc6 9. Ne5 Rc8 10. d4 cxd4 11. Nxc6 Rxc6 12. Qxd4 Bg7 13. Rfd1 O-O 14. Nxd5 Qxd5 15. Qxd5 Nxd5 16. Bxg7 Kxg7 17. Rxd5 Rxc2 18. Rd7 Rfc8 19. h4 R8c7 {½-½ (19) Prohaszka,P (2592)-Wallace,J (2404) Fagernes 2017}) 7... Bg7 8. d3 O-O {The position is equal.} 9. Nbd2 Qc7 10. Bxc6 Bxc6 11. Be5 Qd7 12. d4 cxd4 13. exd4 e6 14. Re1 Ne8 15. Bxg7 Kxg7 16. Qe2 (16. Ne5 $5 {[%cal Re5d7]} Qe7 17. c4 $14 (17. Nxc6 bxc6 18. Nf3 Nf6 $11)) 16... Qc7 17. Nf1 Nf6 18. Ng3 Rac8 19. Rac1 Qd6 20. Qe3 Bd7 21. Ne5 Rc7 22. h4 h5 (22... Rfc8 $14) 23. c4 (23. Qf4 $1 $16) 23... dxc4 $11 24. bxc4 Bxa4 25. Ra1 b5 26. c5 Qd5 27. c6 ({Better is} 27. Ra3 $14) 27... Rd8 28. Ne2 {Strongly threatening Nxg6!} Bc2 29. Rec1 $36 {[%mdl 3072] White has compensation. White has the initiative.} Bf5 (29... Qe4 $11) 30. Rc5 $16 Qd6 31. f3 $2 {[%mdl 8192]} ({Inferior is} 31. Rxb5 Nd5 $15) (31. Nc3 $1 $16 {[%cal Rc3b5]} Nd5 32. Rxd5 $1 {[%mdl 512]} (32. Nxb5 Nxe3 33. Nxd6 Rxd6 $11) 32... exd5 33. Nxb5 {[%mdl 64] Double Attack}) 31... Nd5 $17 32. Qd2 Ne7 (32... f6 $19 33. Nd3 Bxd3 34. Qxd3 b4) 33. Qe3 (33. Rxb5 $17 f6 34. Nd3) 33... Nxc6 $2 ({Black should try} 33... f6 $19 34. Nc3 fxe5 35. Nxb5 exd4) 34. Rac1 $2 {[#]} (34. Ra6 $16 {[%cal Ra6c6] is forced if you want to stay better.} Rdc8 35. g4) 34... Rdc8 $2 {[%mdl 8192]} (34... Nxe5 $1 $17 {[%mdl 512] and life is bright.} 35. Rxc7 (35. Rxe5 Rxc1+) 35... Nc4 36. R1xc4 bxc4 37. Rxc4 Rb8) 35. Qc3 $4 {[%mdl 8192]} (35. Nxc6 $18 Rxc6 36. Qc3) 35... b4 {Black is clearly winning.} 36. Qc4 {[%cal Re5c6]} Nxe5 37. dxe5 Qxc5+ 38. Qxc5 Rxc5 {Accuracy: White = 30%, Black = 21%.} 0-1

[Event "IMSA Blitz Women 2019"]
[Site "Hengshui"]
[Date "2019.05.18"]
[Round "10.1"]
[White "Paehtz, Elisabeth"]
[Black "Zhao, Xue"]
[Result "0-1"]
[WhiteElo "2470"]
[BlackElo "2485"]
[Annotator "ChessBase"]
[PlyCount "84"]
[EventDate "2019.05.17"]
[EventType "blitz"]
[EventCountry "CHN"]
[SourceTitle "playchess.com"]
[Source "ChessBase"]
[SourceQuality "1"]
[TimeControl "180+2"]

1. d4 {[%emt 0:00:00]} Nf6 {[%emt 0:00:00]} 2. Nf3 {[%emt 0:00:00]} b5 {[%emt 0:00:01]} 3. Bg5 {[%emt 0:00:03]} Bb7 {[%emt 0:00:10]} 4. Nbd2 {[%emt 0:00:03]} a6 {[%emt 0:00:10]} 5. e3 {[%emt 0:00:02]} e6 {[%emt 0:00:02]} 6. a4 {[%emt 0:00:07]} b4 {[%emt 0:00:01]} 7. Bd3 {[%emt 0:00:05]} h6 {[%emt 0:00:08]} 8. Bh4 {[%emt 0:00:01]} d6 {[%emt 0:00:12]} 9. O-O {[%emt 0:00:04]} Nbd7 {[%emt 0:00:09]} 10. Qe2 {[%emt 0:00:02]} c5 {[%emt 0:00:19]} 11. a5 {[%emt 0:00:06]} Be7 {[%emt 0:00:04]} 12. c3 {[%emt 0:00:21]} bxc3 {[%emt 0:00:30]} 13. bxc3 {[%emt 0:00:01]} O-O {[%emt 0:00:06]} 14. Rfb1 {[%emt 0:00:02]} Qc7 {[%emt 0:00:03]} 15. Bg3 {[%emt 0:00:02]} Nd5 {[%emt 0:00:15]} 16. Rc1 {[%emt 0:00:02]} Rfc8 {[%emt 0:00:03]} 17. e4 {[%emt 0:00:02]} N5f6 {[%emt 0:00:07]} 18. e5 {[%emt 0:00:04]} Nh5 {[%emt 0:00:04]} 19. exd6 {[%emt 0:00:23]} Nxg3 {[%emt 0:00:01]} 20. hxg3 {[%emt 0:00:12]} Bxd6 {[%emt 0:00:02]} 21. Nc4 {[%emt 0:00:08]} Bf8 {[%emt 0:00:06]} 22. Nfe5 {[%emt 0:00:37]} Rd8 {[%emt 0:00:23]} 23. Nxd7 {[%emt 0:00:05]} Qxd7 {[%emt 0:00:01]} 24. Nb6 {[%emt 0:00:12]} Qc6 {[%emt 0:00:02]} 25. f3 {[%emt 0:00:04]} Rab8 {[%emt 0:00:05]} 26. Bxa6 {[%emt 0:00:10]} Bxa6 {[%emt 0:00:05]} 27. Qxa6 {[%emt 0:00:01]} Qd6 {[%emt 0:00:12]} 28. Qe2 {[%emt 0:00:11]} cxd4 {[%emt 0:00:02]} 29. cxd4 {[%emt 0:00:02]} Qxg3 {[%emt 0:00:01]} 30. Qe5 {[%emt 0:00:06]} Qh4 {[%emt 0:00:05]} 31. Qe4 {[%emt 0:00:08]} Qg5 {[%emt 0:00:01]} 32. Nc4 {[%emt 0:00:11]} Rxd4 {[%emt 0:00:03]} 33. Qe5 {[%emt 0:00:08]} Qxe5 {[%emt 0:00:17]} 34. Nxe5 {[%emt 0:00:02]} Rd5 {[%emt 0:00:01]} 35. Nc6 {[%emt 0:00:01]} Ra8 {[%emt 0:00:03]} 36. Kf1 {[%emt 0:00:04]} Ra6 {[%emt 0:00:06]} 37. Nb8 {[%emt 0:00:03]} Raxa5 {[%emt 0:00:02]} 38. Rxa5 {[%emt 0:00:02]} Rxa5 {[%emt 0:00:01]} 39. Rc8 {[%emt 0:00:02]} Ra8 {[%emt 0:00:07]} 40. Ke2 {[%emt 0:00:07]} g6 {[%emt 0:00:01]} 41. Kd3 {[%emt 0:00:02]} Kg7 {[%emt 0:00:00]} 42. Kc4 {[%emt 0:00:02]} Bd6 {[%emt 0:00:01]} 0-1

[Event "IMSA Blitz Women 2019"]
[Site "Hengshui"]
[Date "2019.05.18"]
[Round "10.1"]
[White "Bodnaruk, Anastasia"]
[Black "Stefanova, Antoaneta"]
[Result "1-0"]
[WhiteElo "2431"]
[BlackElo "2470"]
[Annotator "RC"]
[PlyCount "125"]
[EventDate "2019.05.17"]
[EventType "blitz"]
[EventCountry "CHN"]
[SourceTitle "playchess.com"]
[Source "ChessBase"]
[SourceQuality "1"]
[TimeControl "180+2"]

1. e4 {[%emt 0:00:00]} e5 {[%emt 0:00:00]} 2. Nf3 {[%emt 0:00:00]} Nc6 {[%emt 0:00:00]} 3. Bb5 {[%emt 0:00:00]} g6 {[%emt 0:00:00]} 4. d4 {[%emt 0:00:02]} exd4 {[%emt 0:00:04]} 5. c3 {[%emt 0:00:01]} Bg7 {[%emt 0:00:17]} 6. cxd4 {[%emt 0:00:02]} Nge7 {[%emt 0:00:11]} 7. d5 {[%emt 0:00:11]} a6 {[%emt 0:00:01]} 8. Be2 {[%emt 0:00:14]} Nb8 {[%emt 0:00:14]} 9. Nc3 {[%emt 0:00:04]} d6 {[%emt 0:00:01]} 10. O-O {[%emt 0:00:03]} O-O {[%emt 0:00:02]} 11. Bg5 {[%emt 0:00:08]} h6 {[%emt 0:00:03]} 12. Be3 {[%emt 0:00:01]} Nd7 {[%emt 0:00:02]} 13. Qd2 {[%emt 0:00:09]} Kh7 {[%emt 0:00:01]} 14. Bd4 {[%emt 0:00:13]} Ne5 {[%emt 0:00:06]} 15. Nxe5 {[%emt 0:00:03]} dxe5 {[%emt 0:00:01]} 16. Bc5 {[%emt 0:00:01]} b6 {[%emt 0:00:01]} 17. Ba3 {[%emt 0:00:05]} Re8 {[%emt 0:00:04]} 18. Rfd1 {[%emt 0:00:07]} Bb7 {[%emt 0:00:06]} 19. Qe3 {[%emt 0:00:05]} Nc8 {[%emt 0:00:07]} 20. f4 {[%emt 0:00:20]} exf4 {[%emt 0:00:12]} 21. Qxf4 {[%emt 0:00:01]} Nd6 {[%emt 0:00:01]} 22. Bd3 {[%emt 0:00:30]} Be5 {[%emt 0:00:10]} 23. Qf2 {[%emt 0:00:01]} Rf8 {[%emt 0:00:15]} 24. Rf1 {[%emt 0:00:06]} Kg7 {[%emt 0:00:03]} 25. Rae1 {[%emt 0:00:03]} Qg5 {[%emt 0:00:17]} 26. Nd1 {[%emt 0:00:04]} Rae8 {[%emt 0:00:10]} 27. b3 {[%emt 0:00:10]} Bc8 28. Ne3 {[%emt 0:00:22]} b5 {[%emt 0:00:07]} 29. Nc2 {[%emt 0:00:21]} Bd7 {[%emt 0:00:10]} 30. Bc5 {[%emt 0:00:02]} a5 {[%emt 0:00:05]} 31. Bd4 {[%emt 0:00:02]} Kh7 {[%emt 0:00:04]} 32. h4 {[%emt 0:00:09]} Qe7 {[%emt 0:00:18]} 33. Bxe5 {[%emt 0:00:07]} Qxe5 {[%emt 0:00:01]} 34. Nd4 {[%emt 0:00:01]} a4 {[%emt 0:00:07]} 35. Bc2 {[%emt 0:00:06]} axb3 {[%emt 0:00:03]} 36. axb3 Kg7 {[%emt 0:00:06]} 37. Qd2 {[%emt 0:00:02]} Qg3 {[%emt 0:00:04]} 38. Rf3 {[%emt 0:00:06]} Qxh4 {[%emt 0:00:03]} 39. e5 {[%emt 0:00:01]} Qg5 {[%emt 0:00:21]} 40. Qxg5 {[%emt 0:00:09]} hxg5 {[%emt 0:00:01]} 41. Kf2 {[%emt 0:00:02]} Nb7 {[%emt 0:00:03]} 42. Rc3 {[%emt 0:00:02]} Rc8 {[%emt 0:00:00]} 43. Kg1 {[%emt 0:00:02]} Rfe8 {[%emt 0:00:02]} 44. e6 {[%emt 0:00:01]} fxe6 {[%emt 0:00:01]} 45. dxe6 {[%emt 0:00:01]} Nd6 {[%emt 0:00:13]} 46. exd7 {[%emt 0:00:02]} Rxe1+ 47. Kf2 Ree8 {[%emt 0:00:05]} 48. dxc8=Q {[%emt 0:00:07]} Rxc8 {[%emt 0:00:02]} 49. Rxc7+ Rxc7 {[%emt 0:00:01]} 50. Ne6+ {[%emt 0:00:04]} Kf6 {[%emt 0:00:01]} 51. Nxc7 {[%emt 0:00:02]} Ke5 {[%emt 0:00:03]} 52. Bxg6 {[%emt 0:00:02]} Kd4 {[%emt 0:00:00]} 53. Bh7 {[%emt 0:00:03]} Kc3 {[%emt 0:00:02]} 54. Bg8 {[%emt 0:00:01]} b4 {[%emt 0:00:02]} 55. Kf3 {[%emt 0:00:02]} Nb7 {[%emt 0:00:03]} 56. Kg4 {[%emt 0:00:03]} Nc5 {[%emt 0:00:01]} 57. Kxg5 {[%emt 0:00:02]} Nxb3 {[%emt 0:00:02]} 58. Bxb3 {[%emt 0:00:03]} Kxb3 {[%emt 0:00:01]} 59. Na6 {[%emt 0:00:01]} Kc4 {[%emt 0:00:01]} 60. Nxb4 {[%emt 0:00:01]} Kxb4 {[%emt 0:00:01]} 61. g4 {[%emt 0:00:01]} Kc5 {[%emt 0:00:00]} 62. Kf6 {[%emt 0:00:00]} Kd6 {[%emt 0:00:01]} 63. g5 {[%emt 0:00:01]} 1-0

[Event "IMSA Blitz Women 2019"]
[Site "Hengshui"]
[Date "2019.05.18"]
[Round "10.1"]
[White "Krush, Irina"]
[Black "Kosteniuk, Alexandra"]
[Result "1-0"]
[WhiteElo "2422"]
[BlackElo "2546"]
[Annotator "TA"]
[PlyCount "93"]
[EventDate "2019.05.17"]
[EventType "blitz"]
[EventCountry "CHN"]
[SourceTitle "playchess.com"]
[Source "ChessBase"]
[SourceQuality "1"]

{[%evp 14,93,27,5,48,50,50,35,35,31,68,63,77,78,77,16,33,35,41,45,102,83,138,132,137,116,100,95,82,36,51,-11,-7,-31,0,-324,-76,-89,133,133,129,50,68,71,60,-153,-142,-132,-116,-251,-152,-279,-287,-270,-234,-29991,-140,-18,0,-29991,-275,-283,-187,-185,0,-158,417,394,970,730,1568,1491,2210,0,2184,2158,1873,1299,29989,29990,29992,29993]} 1. d4 Nf6 2. c4 e6 3. Nc3 Bb4 4. e3 b6 5. Nge2 Bb7 6. a3 Be7 7. d5 O-O 8. g3 d6 {E44: Nimzo-Indian: Rubinstein: 4...b6 5 Ne2} (8... b5 $5) (8... b5 9. b3 bxc4 10. bxc4 Na6 11. Bg2 Nc5 12. e4 Ba6 13. O-O Bxc4 14. e5 Nxd5 15. Nxd5 exd5 16. Bxd5 Bxd5 17. Qxd5 {½-½ (23) Popov,I (2568)-Andreikin,D (2625) Dagomys 2009}) 9. Bg2 e5 10. b4 a5 {White is slightly better.} 11. Rb1 Nbd7 12. O-O Re8 $146 ({Predecessor:} 12... axb4 13. axb4 Qc8 14. Qb3 Rb8 15. Nb5 Ra8 16. Rd1 {½-½ (48) Oliveira,F (2193)-Rodrigues,N (1986) Sao Paulo 2015}) 13. e4 Bf8 14. f4 (14. Be3 $16) 14... exf4 15. gxf4 axb4 16. axb4 b5 (16... c5 $14) 17. cxb5 $16 Nb6 (17... g6 $142) 18. Nd4 Qd7 19. Nc6 Qg4 20. Qd3 g6 21. Bb2 Bg7 22. Kh1 (22. h3 $14 Qh4 23. Na5) 22... Qh4 $11 23. Ne2 Ra2 24. Bd4 $2 {[%mdl 8192] [#]} (24. Nc3 $11 {and White stays safe.} Raa8 25. Kg1) 24... Ng4 $2 ({Worse is} 24... Bxc6 25. Bxf6 Bxf6 26. bxc6 $15) (24... Nxe4 $1 $19 {[%mdl 512]} 25. Bxe4 Bxd4 26. Qxd4 Rxe2) 25. Bg1 $17 {[#]} Bxc6 $2 (25... Nxd5 $1 $17 {[%mdl 512] ...Nde3! is the strong threat.} 26. Qxd5 Rxe2) 26. bxc6 $16 Rea8 {Hoping for ...R8a3.} 27. Qg3 ({Better is} 27. Qh3 $16 Qxh3 28. Bxh3) 27... Qxg3 $14 28. Nxg3 {Threatens to win with Bxb6.} Nc4 29. Rfd1 $2 (29. Bh3 $1 $14 {keeps the upper hand.}) 29... Nce3 $36 {[%mdl 2048] Keeping White busy.} 30. Bxe3 Nxe3 31. Rg1 (31. e5 $17) 31... Bd4 32. Bf3 (32. h3 $17) 32... Rf2 $19 33. Be2 Ra2 ({Don't play} 33... Rxf4 34. b5 $17) 34. Rge1 $2 {[#]} (34. e5 $19 Bb6 35. exd6 cxd6 36. Rbc1) 34... Bc3 $2 (34... Ng4 $1 {[%mdl 512]} 35. Nf1 (35. Bxg4 Rxh2#) 35... Rxf1+ $1 {[%mdl 512]} 36. Kg2 Rf2+ 37. Kh3 Ra3+ 38. Rb3 Rxb3+ 39. Bd3 Rxd3+ 40. Re3 Rxe3+ 41. Kxg4 Bf6 42. h4 h5#) 35. Rec1 $17 Bd4 $2 {[%mdl 8192]} (35... Bb2 $11 36. b5 Bd4) 36. Re1 $1 {[#]} Rxf4 $2 (36... Ng4 $1 {[%mdl 512] mates} 37. Nf1 (37. Bxg4 Rxh2#) 37... Rxf1+ $1 {[%mdl 512]} 38. Kg2 Rf2+ 39. Kh3 Ra3+ 40. Rb3 Rxb3+ 41. Bd3 Rxd3+ 42. Re3 Rxe3+ 43. Kh4 Bf6+ 44. Kxg4 h5#) 37. b5 {Black should prevent b6!} Bb6 38. Ra1 Rc2 $2 ({Black should play} 38... Rxa1 $19 39. Rxa1 Kf8) 39. Rec1 $2 (39. Ra6 $1 $11 Rh4 40. e5 $1 {[%mdl 512]} Nxd5 41. exd6 cxd6 42. Rd1) 39... Rd2 $2 {[#]} (39... Kf8 $17 {keeps the pressure on. Strongly threatening ...Rxc1+.} 40. Rxc2 Nxc2) 40. Ra6 $1 $18 {[%cal Ra6b6]} Ng4 $2 (40... Bc5 41. b6 Bxb6) 41. Bxg4 Rxg4 {[#]} 42. Rxb6 $1 {[%mdl 512]} Rh4 (42... cxb6 43. c7) 43. Rb8+ Kg7 44. Nf1 Rb2 {[#]} 45. b6 $1 {[%cal Bb5b6,Bb6c7][%mdl 32]} g5 (45... Rxb6 46. Rxb6) 46. bxc7 {[%mdl 64] Discovered Attack} g4 47. Rxb2 {Accuracy: White = 42%, Black = 29%.} 1-0

[Event "IMSA Blitz Women 2019"]
[Site "Hengshui"]
[Date "2019.05.18"]
[Round "10.2"]
[White "Muzychuk, Mariya"]
[Black "Harika, Dronavalli"]
[Result "0-1"]
[WhiteElo "2563"]
[BlackElo "2492"]
[Annotator "TA"]
[PlyCount "98"]
[EventDate "2019.05.17"]
[EventType "blitz"]
[EventCountry "CHN"]
[SourceTitle "playchess.com"]
[Source "ChessBase"]
[SourceQuality "1"]

{[%evp 13,97,10,10,-10,31,0,-8,-7,-8,-10,0,0,34,28,33,13,36,29,43,36,47,11,39,0,79,50,46,13,25,28,14,-20,-16,-69,-71,-58,-60,-82,-41,-100,-103,-171,-103,-95,-67,-115,-120,-179,-167,-233,-199,-234,-206,-264,-256,-339,-66,-54,0,-28,-28,-113,-109,-196,-78,-78,-77,-78,-72,-77,-9,-481,-85,-85,-91,-87,-85,-132,-141,-134,-135,-133,-39,-224,-224,-29999]} 1. e4 e6 2. d4 d5 3. exd5 exd5 4. Nf3 Nf6 5. h3 Bd6 6. Bd3 O-O 7. O-O h6 8. c4 {C01: French: Exchange Variation} (8. Re1 Re8 9. Nc3 c6 10. Ne5 Nbd7 11. Bf4 Qc7 12. Qf3 Nxe5 13. dxe5 Rxe5 14. Bxe5 Bxe5 15. Re2 Bd7 16. Rae1 {1-0 (65) Bacrot,E (2725)-Akobian,V (2647) Riadh 2017}) 8... c6 9. Nc3 dxc4 10. Bxc4 {The position is equal.} Nbd7 $146 ({Predecessor:} 10... Bf5 11. Ne5 Nbd7 12. Re1 Nb6 {1-0 (26) Kersten,U (2325)-Melzner,L (2159) Nuremberg 2010}) 11. Re1 Nb6 12. Bb3 Bf5 13. Ne5 Nbd5 14. Qf3 Bh7 15. Bd2 {[%cal Rb3d5]} Bc7 16. Re2 a5 17. a4 Nb4 18. Rae1 (18. Bf4 {keeps more tension.} Nbd5 19. Nxd5 cxd5 20. Re3 Be4 21. Qe2) 18... Nfd5 (18... Bc2 $11 19. Nb5 Bxb3 20. Nxc7 Qxc7 21. Qxb3 Nbd5) 19. Nxd5 Nxd5 20. Bxd5 Qxd5 21. Qxd5 cxd5 22. Bc3 Rfe8 23. Nd7 (23. Bd2 $11) 23... Rxe2 $15 24. Rxe2 Bf5 $36 {[%mdl 2048] Black has the initiative.} 25. Ne5 f6 26. Nf3 (26. Ng4 $15) 26... Kf7 $17 27. Nd2 (27. Ne1 $17) 27... Bd7 (27... Bc2 $1 $19 28. b3 Bd6) 28. b3 Bd6 29. g4 b6 30. Kg2 (30. f3 $17 {might work better.}) 30... Rc8 $19 31. Re3 (31. Nb1 $142) 31... Bf4 32. Rf3 g5 {...f5 is the strong threat.} 33. Nf1 {[#]} h5 $1 {[%mdl 512]} 34. gxh5 Rh8 $2 (34... Bf5 $1 $19 {aiming for ...Be4.} 35. Ng3 Be4 36. Nxe4 dxe4 37. Rxf4 gxf4) 35. Ng3 $15 Be6 (35... Rg8 $15) 36. Ne2 Bd6 37. Bd2 (37. Ng3 $11 {keeps the balance.}) 37... Rxh5 $17 38. Nc3 (38. b4 $17 {was necessary.}) 38... Kg6 (38... Bb4 $1 $19 {and Black stays clearly on top.} 39. Bc1 Bxh3+ $1 {[%mdl 512]} 40. Rxh3 Rxh3 41. Kxh3 Bxc3) 39. Nb5 Bb8 40. b4 Bf5 {Strongly threatening ...Be4.} 41. Rb3 Be4+ (41... axb4 $17 {Hoping for ...g4.} 42. Bxb4 Bd7) 42. Kg1 $2 {[%mdl 8192] [#]} (42. f3 $1 $11 {and White is okay.} Bf5 43. bxa5) 42... Bc2 $2 (42... g4 $1 $19 {[%mdl 512] has better winning chances.} 43. Rg3 (43. hxg4 Rh1#) 43... Bxg3 44. fxg3 Rxh3) 43. Ra3 axb4 44. Bxb4 Rh4 45. a5 bxa5 46. Bxa5 Bf5 47. Kg2 Be4+ (47... Rh7 $17 48. Bd2 Be4+ 49. Kf1 Rb7) 48. Kg1 $2 (48. f3 $15 Bf5 49. Bc7 Bxh3+ 50. Kg3) 48... g4 $19 {White must now prevent ...Bf3.} 49. hxg4 $2 (49. Bc7 $19 Bxc7 50. Nxc7) 49... Rh1# {Accuracy: White = 27%, Black = 35%.} 0-1

[Event "IMSA Blitz Women 2019"]
[Site "Hengshui"]
[Date "2019.05.18"]
[Round "10.2"]
[White "Kosteniuk, Alexandra"]
[Black "Krush, Irina"]
[Result "1-0"]
[WhiteElo "2546"]
[BlackElo "2422"]
[Annotator "TA"]
[PlyCount "79"]
[EventDate "2019.05.17"]
[EventType "blitz"]
[EventCountry "CHN"]
[SourceTitle "playchess.com"]
[Source "ChessBase"]
[SourceQuality "1"]

{[%evp 22,89,45,22,18,0,0,-11,-7,-14,-9,-41,-18,-90,0,0,25,30,29,0,15,13,44,52,77,0,0,0,89,95,52,25,17,11,8,6,49,37,51,0,11,12,336,0,327,333,329,316,326,101,944,938,934,813,1783,1504,29972,6455,29991,29985,29984,29985,29992,29992,29987,29988,29987,29988,29992,29993]} 1. e4 c5 2. Nf3 d6 3. d4 cxd4 4. Nxd4 Nf6 5. Nc3 Nc6 6. Bg5 Qb6 7. Nb3 g6 8. Be3 Qc7 9. Be2 Bg7 10. O-O O-O 11. f4 a6 12. Bf3 Rb8 {B35: Sicilian: Accelerated Dragon with 5 Nc3: main line} (12... b5 13. Nd5 Nxd5 14. exd5 Na5 15. Nxa5 Qxa5 {½-½ (15) Gomez Garrido,C (2553)-Martinez Duany,L (2504) Varadero 2016}) 13. g4 b5 14. g5 Nd7 {The position is equal.} 15. Nd5 $146 ({Predecessor:} 15. Kh1 Nb6 16. Nd5 Nxd5 17. exd5 Na5 18. Nxa5 Qxa5 19. Bd4 Qb4 20. c3 Qxb2 21. Bxg7 Kxg7 {0-1 (60) Kirschbaum,H (2047)-Reinhard,J (1839) Bayern 2005}) 15... Qd8 16. Rb1 Bb7 17. Bg2 (17. c3 $11 {keeps the balance.}) 17... b4 (17... e6 $17 18. Nc3 Nb6) 18. f5 $11 e6 19. f6 exd5 20. fxg7 Kxg7 21. exd5 Nce5 22. Qd4 a5 23. Qh4 (23. Nd2 $16) 23... Kg8 24. Nd2 f5 (24... Rc8 $11) 25. gxf6 $1 $16 Rxf6 26. Bg5 Rxf1+ 27. Rxf1 Qb6+ 28. Kh1 Rf8 29. Rxf8+ Nxf8 30. Be7 ({White should try} 30. h3 $14) 30... Qe3 31. Nf1 Qe2 $2 {[%mdl 8192] [#]} (31... Qc5 $11) 32. Qf6 $2 $40 {[%mdl 128] Black needs to defend precisely.} (32. Bxd6 Ned7 $16) ({Only move:} 32. Bxf8 $1 $18 {White threatens Qf6 and mate.} Kxf8 33. Qd8+ {[%mdl 64] Double Attack} Kg7 34. Qe7+ (34. Qxa5 Qxc2 35. Qxb4 Qc7 $16) (34. Qxd6 Nf7 $16) 34... Kh6 35. Qxb7) 32... Nfd7 $2 {[%mdl 8192]} (32... Nf7 $11 {and Black has nothing to worry.}) 33. Qe6+ $18 ({Weaker is} 33. Qxd6 Ba6 $16) 33... Kg7 34. Bxd6 Ba6 35. Bc7 $2 (35. Qe7+ $18 Kh6 36. Bxe5 Nxe5 37. Qf8+ Kg5 38. Qd8+ Kh6 39. Qxa5) 35... Qe1 $2 {[%mdl 8192]} (35... Bb5 $16) 36. Qxa6 Ng4 37. Bg3 Qd1 38. Qe6 Ndf6 39. h3 Nh6 {[#]} 40. Qe7+ {Played: Bg3-e5} 1-0

[Event "IMSA Blitz Women 2019"]
[Site "Hengshui"]
[Date "2019.05.18"]
[Round "10.2"]
[White "Tan, Zhongyi"]
[Black "Gunina, Valentina"]
[Result "1-0"]
[WhiteElo "2513"]
[BlackElo "2506"]
[Annotator "RC"]
[PlyCount "121"]
[EventDate "2019.05.17"]
[EventType "blitz"]
[EventCountry "CHN"]
[SourceTitle "playchess.com"]
[Source "ChessBase"]
[SourceQuality "1"]
[TimeControl "180+2"]

1. c4 {[%emt 0:00:00]} Nf6 {[%emt 0:00:00]} 2. Nc3 {[%emt 0:00:00]} c5 {[%emt 0:00:00]} 3. Nf3 {[%emt 0:00:01]} Nc6 {[%emt 0:00:01]} 4. e3 {[%emt 0:00:06]} e6 {[%emt 0:00:02]} 5. d4 {[%emt 0:00:07]} d5 {[%emt 0:00:01]} 6. a3 {[%emt 0:00:04]} a6 {[%emt 0:00:03]} 7. dxc5 {[%emt 0:00:03]} Bxc5 {[%emt 0:00:01]} 8. b4 {[%emt 0:00:00]} Ba7 {[%emt 0:00:03]} 9. Bb2 {[%emt 0:00:02]} O-O {[%emt 0:00:02]} 10. Qc2 {[%emt 0:00:06]} h6 {[%emt 0:00:21]} 11. Rd1 {[%emt 0:00:03]} Qe7 {[%emt 0:00:08]} 12. cxd5 {[%emt 0:00:12]} exd5 {[%emt 0:00:01]} 13. Be2 {[%emt 0:00:04]} Rd8 {[%emt 0:00:05]} 14. O-O {[%emt 0:00:03]} Be6 {[%emt 0:00:01]} 15. b5 {[%emt 0:00:06]} axb5 {[%emt 0:00:04]} 16. Nxb5 {[%emt 0:00:01]} Bb8 {[%emt 0:00:03]} 17. Rc1 {[%emt 0:00:10]} Ne4 {[%emt 0:00:07]} 18. Rfd1 {[%emt 0:00:01]} Rc8 {[%emt 0:00:18]} 19. Qb1 {[%emt 0:00:04]} Re8 {[%emt 0:00:08]} 20. Bd3 {[%emt 0:00:24]} Bg4 {[%emt 0:00:03]} 21. Be2 {[%emt 0:00:03]} Nxf2 {[%emt 0:00:07]} 22. Rf1 {[%emt 0:00:16]} Ne4 {[%emt 0:00:07]} 23. Rcd1 {[%emt 0:00:08]} Rd8 {[%emt 0:00:19]} 24. Qa1 {[%emt 0:00:02]} f5 {[%emt 0:00:05]} 25. Qa2 {[%emt 0:00:11]} Kh7 {[%emt 0:00:04]} 26. Nbd4 {[%emt 0:00:16]} f4 {[%emt 0:00:09]} 27. exf4 {[%emt 0:00:08]} Bxf4 {[%emt 0:00:01]} 28. Bd3 {[%emt 0:00:07]} Nb4 {[%emt 0:00:10]} 29. Qb3 {[%emt 0:00:02]} Nxd3 {[%emt 0:00:01]} 30. Qxd3 {[%emt 0:00:01]} Kh8 {[%emt 0:00:03]} 31. Rde1 {[%emt 0:00:05]} Re8 {[%emt 0:00:06]} 32. h3 {[%emt 0:00:15]} Bd7 {[%emt 0:00:01]} 33. Ne2 {[%emt 0:00:09]} Qc5+ {[%emt 0:00:03]} 34. Bd4 {[%emt 0:00:02]} Qxa3 {[%emt 0:00:02]} 35. Qxa3 {[%emt 0:00:02]} Rxa3 {[%emt 0:00:01]} 36. Nxf4 {[%emt 0:00:01]} Bb5 {[%emt 0:00:02]} 37. Ra1 {[%emt 0:00:09]} Rxa1 {[%emt 0:00:11]} 38. Rxa1 {[%emt 0:00:01]} Kh7 {[%emt 0:00:03]} 39. Rb1 {[%emt 0:00:04]} Bc6 {[%emt 0:00:01]} 40. Ne5 {[%emt 0:00:02]} Re7 {[%emt 0:00:10]} 41. Rb6 {[%emt 0:00:05]} Ng3 {[%emt 0:00:07]} 42. Nxc6 {[%emt 0:00:05]} bxc6 {[%emt 0:00:01]} 43. Rxc6 {[%emt 0:00:01]} Re4 {[%emt 0:00:02]} 44. Bf2 {[%emt 0:00:06]} Nf5 {[%emt 0:00:05]} 45. Nxd5 {[%emt 0:00:02]} Ra4 {[%emt 0:00:04]} 46. g4 {[%emt 0:00:03]} Nd4 {[%emt 0:00:05]} 47. Bxd4 {[%emt 0:00:02]} Rxd4 {[%emt 0:00:01]} 48. Ne3 {[%emt 0:00:01]} Rf4 {[%emt 0:00:07]} 49. Kg2 {[%emt 0:00:01]} Rf7 {[%emt 0:00:04]} 50. Re6 {[%emt 0:00:02]} Ra7 {[%emt 0:00:01]} 51. Nf5 {[%emt 0:00:02]} Ra2+ {[%emt 0:00:01]} 52. Kg3 {[%emt 0:00:01]} Ra3+ {[%emt 0:00:01]} 53. Re3 {[%emt 0:00:01]} Ra7 {[%emt 0:00:01]} 54. Re7 {[%emt 0:00:01]} Ra3+ {[%emt 0:00:16]} 55. Kh4 {[%emt 0:00:01]} h5 {[%emt 0:00:05]} 56. Rxg7+ {[%emt 0:00:02]} Kh8 {[%emt 0:00:00]} 57. Rb7 {[%emt 0:00:02]} hxg4 {[%emt 0:00:02]} 58. hxg4 {[%emt 0:00:01]} Ra6 {[%emt 0:00:01]} 59. Kh5 {[%emt 0:00:02]} Rc6 {[%emt 0:00:04]} 60. g5 Ra6 {[%emt 0:00:06]} 61. g6 {[%emt 0:00:04]} 1-0